000 00311nam a2200133Ia 4500
008 191201s2006 xx 000 0 und d
100 _aEVANS, Patria
245 0 _aControlling People
250 _a1st
260 _aN.Delhi
_bAdams Media Co
_c2006
300 _a300
650 _aGeneral Books
942 _2ddc
_cBK
999 _c2447
_d2447